00998nam a22002415i 4500001000700000003000900007005001700016008004100033020001800074080002600092080003000118100003100148245012500179250001200304260007800316300004500394600003100439651008000470700004200550852002200592999001900614952012300633178518ES-MaACL20230906220541.0110606s2004 sp |||| | spa d a84-7926-444-6 a929 Mendoza, Florisel a94(460)"1931/1939"(093.3)1 aMendoza, Florisel.914694510aFlorisel Mendoza b: Memorias : con los parias de la tierra / cedición e introducción, Félix Rodríguez Mendoza. a1ª ed. a[Santa Cruz de Tenerife] : bCentro de la Cultura Popular Canaria,c2004. a123, [10] p. : bil. bl. y n. ; c21 cm.14aMendoza, Florisel.9146945 4aEspaña-xHistoria-y1931-1939, II República-vRelatos personales.982901 aRodríguez Mendoza, Félix.9146946 aES-MaACLjE-15271 c178518d178518 00104070aATENEOMbATENEOMcDEPO2d2011-06-06eDONl0oE-15271p1187521r2023-02-23 00:00:00w2023-02-23yMONOGRAFIA